| 000 | 00506nam a2200181 4500 | ||
|---|---|---|---|
| 003 | SEACOMEC | ||
| 005 | 20231013084410.0 | ||
| 008 | 231013b |||||||| |||| 00| 0 eng d | ||
| 022 | _c260.00 | ||
| 040 | _aSEACOMEC | ||
| 082 |
_a005.73 _bHEI |
||
| 100 | 1 | _aHeiliman, Gregong L. | |
| 245 | 1 |
_aData Structure algorithms and Object oriented Programming _cGregong L.Heiliman |
|
| 260 |
_aNew Delhi _bTata McGraw-Hill _c2005 |
||
| 650 | _aComputer science | ||
| 650 | _aData in computer systems | ||
| 942 | _cBOOK | ||
| 999 |
_c216 _d216 |
||